[Event "Lublin"]
[Site "Lublin"]
[Date "1993.??.??"]
[Round "?"]
[White "Sokolovs, Andrei"]
[Black "Wohlfahrt, Herbert J"]
[Result "1-0"]
[WhiteElo "2480"]
[BlackElo "2230"]

1.d4 f5 2.Nf3 Nf6 3.c4 g6 4.g3 Bg7 5.Bg2 O-O 6.O-O d6 7.b3 c6 8.Nc3 Qe8 9.Ba3 Na6
10.Qd3 Rb8 11.e4 b5 12.e5 b4 13.exf6 Bxf6 14.Bb2 bxc3 15.Bxc3 Qf7 16.Rae1 g5
17.Nd2 Bd7 18.d5 c5 19.a3 Qg7 20.Bxf6 Qxf6 21.f4 g4 22.Re3 Rfe8 23.Rfe1 Kf7
24.Bf1 Nc7 25.Be2 h5 26.Bd1 Rb6 27.Bc2 Rbb8 28.Nf1 a5 29.Qd2 Ra8 30.R3e2 Ra6
31.Ne3 Raa8 32.Ng2 a4 33.b4 cxb4 34.axb4 a3 35.Bb3 Kf8 36.b5 Rab8 37.Qd3 Rb7
38.Nh4 Rbb8 39.Ba2 Ra8 40.Re3 Ra4 41.Qb3 Raa8 42.Qd1 Ra5 43.R1e2 Kf7 44.Kh1 Na8
45.Qb1 Nb6 46.Re6 Bxe6 47.Rxe6 Na4 48.Rxf6+ exf6 49.Qb4 Raa8 50.Qd2 Nc5 51.Nxf5 Ne4
52.Qd4 Kg6 53.Nh4+ Kf7 54.Kg1 Nc5 55.Nf5 Re1+ 56.Kf2 Rh1 57.Nxd6+ Kg8 58.Qxc5 Rxh2+
59.Ke3 Rxa2 60.Qc7 Rf8  1-0

[Event "Makarska"]
[Site "Makarska"]
[Date "1993.??.??"]
[Round "?"]
[White "Gyorkos, Lajos"]
[Black "Videki, Sandor"]
[Result "1/2-1/2"]
[WhiteElo "2435"]
[BlackElo "2415"]

1.d4 f5 2.c4 Nf6 3.Nf3 g6 4.g3 Bg7 5.Bg2 O-O 6.O-O d6 7.Nc3 Qe8 8.Nd5 Nxd5
9.cxd5 Qb5 10.Ng5 Na6 11.h4 c5 12.dxc5 Nxc5 13.Rb1 Bd7 14.Be3 Qc4 15.b3 Qb4
16.Rc1 Rac8 17.Rc4 Qa3 18.Qd2  1/2-1/2

[Event "BLR-ch"]
[Site "Minsk"]
[Date "1993.??.??"]
[Round "?"]
[White "Smirnov, Valerij"]
[Black "Korzubov, Peter"]
[Result "1/2-1/2"]
[WhiteElo "2340"]
[BlackElo "2465"]

1.d4 f5 2.Nf3 Nf6 3.g3 g6 4.Bg2 Bg7 5.O-O O-O 6.c4 c6 7.b3 d5 8.a4 Kh8 9.a5 Be6
10.Nbd2 Ne4 11.Qc2 Bg8 12.Bb2 Na6 13.Ne5 Nf6 14.Nd3 Rc8 15.b4 Ne4 16.cxd5 cxd5
17.Qd1 Nd6 18.e3 Nc7 19.Qb3 Nc4 20.Rfd1 Nb5 21.Nxc4 dxc4 22.Qa4 Nd6 23.Ne5 c3
24.Bc1 Ne4 25.Qc2 Qd5 26.Ra3 Bxe5 27.dxe5 Qxe5 28.Rd4 Bd5 29.f3 Nf6 30.Rxc3 Qe6
31.Bb2 Qxe3+ 32.Rxe3 Rxc2 33.Rxd5 Rxb2 34.Rb5 b6 35.Rxe7 a6 36.Rbe5 Rxb4
37.axb6 Rxb6 38.Ra7 Rd8 39.Ree7 Rb1+ 40.Bf1 Rdd1 41.Ra8+ Ng8 42.Ree8 Rxf1+
43.Kg2 Kg7 44.Rxg8+ Kf7  1/2-1/2

[Event "Minsk-C"]
[Site "Minsk"]
[Date "1993.??.??"]
[Round "3"]
[White "Yuferov, Sergey  N"]
[Black "Yagupov, Igor"]
[Result "1-0"]
[WhiteElo "2415"]
[BlackElo "2415"]

1.d4 f5 2.g3 Nf6 3.Bg2 g6 4.Nf3 Bg7 5.O-O O-O 6.c4 d6 7.Nc3 c6 8.d5 e5 9.dxe6 Bxe6
10.b3 Na6 11.Bf4 Nh5 12.Bd2 Qe7 13.Rc1 f4 14.Na4 d5 15.cxd5 Bxd5 16.Bc3 Rad8
17.Qc2 Be4 18.Qb2 c5 19.Bxg7 Nxg7 20.Rfd1 Rde8 21.Qc3 Bc6 22.Rd2 Ne6 23.Rcd1 Nac7
24.Ne5 Bxa4 25.bxa4 Nd4 26.e3 fxe3 27.fxe3 Nf5 28.Ng4 Qg5 29.Qc4+ Ne6 30.Bd5 Qe7
31.Qe4 h5 32.Ne5 Kh7 33.Nxg6 Kxg6 34.Bxe6 Rf6 35.Bxf5+ Rxf5 36.Rd6+  1-0

[Event "Minsk-C"]
[Site "Minsk"]
[Date "1993.??.??"]
[Round "8"]
[White "Zemerov, Vladimir"]
[Black "Smirnov, Valerij"]
[Result "1-0"]
[WhiteElo "2455"]
[BlackElo "2340"]

1.c4 f5 2.d4 Nf6 3.Nf3 g6 4.g3 Bg7 5.Bg2 O-O 6.O-O d6 7.Nc3 Na6 8.d5 Nc5
9.Nd4 a5 10.b3 Bd7 11.Bb2 Qe8 12.a3 c6 13.b4 Nce4 14.Nxe4 Nxe4 15.dxc6 bxc6
16.Rb1 axb4 17.axb4 Qf7 18.f3 Nf6 19.Qd3 Rfb8 20.Bc3 Ra4 21.Nc2 Be6 22.Ne3 Ra3
23.Rfc1 f4 24.gxf4 Nh5 25.Qd2 Bh6 26.Qd4 Bg7 27.Qd2 Qxf4 28.Bxg7 Nxg7 29.Rc3 Rba8
30.b5 cxb5 31.cxb5 Nf5 32.Rxa3 Rxa3 33.Nf1 Qc4 34.Qb4 Ra8 35.f4 Rb8 36.Qxc4 Bxc4
37.b6 Kf7 38.Nd2 Bxe2 39.Kf2 Bd3 40.Rb3 Ba6 41.b7 Ke6 42.Rb6 Bd3 43.Nb3 Kd7
44.Na5 Kc7 45.Rc6+ Kd7 46.Rb6 Kc7 47.Nc6 Rxb7 48.Rxb7+ Kxb7 49.Nb4+ Kc7 50.Nxd3 Kd7
51.Bd5 e6 52.Be4 Ke7 53.Bxf5 gxf5 54.Nb4 Kf6 55.Kf3 e5 56.Nd5+ Ke6 57.Ne3 Kf6
58.Ng2 Kg6 59.Nh4+ Kf6 60.Ke3 Ke6 61.Nf3 Kf6 62.Ng5 Kg6 63.Nf3 Kf6 64.Nd2 Ke6
65.Nf1 Kf6 66.Ng3 Kg6 67.Kf3 Kf6 68.Ne2 Ke6 69.Nc3 Kf6 70.Nd5+ Ke6 71.Nb6 Kf6
72.Ke3 Ke6 73.Nc4 Kd5 74.Kd3 Ke6 75.h3 Kd5 76.Nd2 Ke6 77.Kc4 d5+ 78.Kc5 d4
79.Kc4 Kf6 80.Nf3  1-0

[Event "Muenster op"]
[Site "Muenster"]
[Date "1993.??.??"]
[Round "2"]
[White "Lagunow, Alexander"]
[Black "Wolf, Ulrich Martin"]
[Result "1-0"]
[WhiteElo "2420"]
[BlackElo "2075"]

1.d4 f5 2.g3 g6 3.Bg2 Nf6 4.Nf3 Bg7 5.O-O O-O 6.c4 d6 7.Nc3 c6 8.d5 e5 9.e4 c5
10.exf5 gxf5 11.Ng5 h6 12.Ne6 Bxe6 13.dxe6 Nc6 14.Bxc6 bxc6 15.Qf3 Ne4 16.Nxe4 fxe4
17.Qxe4 Rc8 18.Be3 Qe7 19.Rad1 Qxe6 20.Rd3 Rf6 21.Rfd1 Bf8 22.Kg2 Qf5 23.Qxf5 Rxf5
24.Rxd6 Bxd6 25.Rxd6 h5 26.Bxc5 a6 27.Re6 Rc7 28.Re8+ Kg7 29.Ra8 Rd7 30.Be3 Rb7
31.b3 Rff7 32.Rxa6 Rf8 33.h4 Rc8 34.Bc5 Kf6 35.b4 Kf5 36.Kf3 Rd7 37.Ke3 Rd1
38.Ra7 Rc1 39.a4 Rxc4 40.a5 Rd8 41.Rc7 e4 42.Rf7+ Kg6 43.Re7 Kf5 44.Rg7 Rd3+
45.Ke2 Rc2+ 46.Kf1 Rd1+ 47.Kg2 Kf6 48.Rg5 Rd3 49.Kh3 Rd5 50.Rxd5 cxd5 51.a6 Ke6
52.a7 Ra2 53.Bb6 Ra6 54.b5 Ra4 55.Ba5 Rxa5 56.b6 d4 57.b7 Rxa7 58.b8=Q Rd7
59.Qe8+ Kd6 60.Qxe4 Kc5 61.Qd3 Rc7 62.Qf5+ Kb4 63.Qxh5  1-0

[Event "Muenster op"]
[Site "Muenster"]
[Date "1993.??.??"]
[Round "6"]
[White "Roeder, Mathias"]
[Black "Georg, Heinz"]
[Result "1-0"]
[WhiteElo "2425"]
[BlackElo "2235"]

1.d4 f5 2.g3 g6 3.Bg2 Nf6 4.Nf3 Bg7 5.O-O O-O 6.c4 d6 7.Nc3 Qe8 8.d5 Na6
9.Nd4 Bd7 10.Rb1 c6 11.b4 Nxb4 12.Nxf5 Nxa2 13.Nxg7 Nxc3 14.Nxe8 Rfxe8 15.Qb3 Nxe2+
16.Kh1  1-0

[Event "Muenster op"]
[Site "Muenster"]
[Date "1993.??.??"]
[Round "8"]
[White "Comp Saitek Sparc"]
[Black "Georg, Heinz"]
[Result "1-0"]
[WhiteElo "2560"]
[BlackElo "2565"]

1.d4 f5 2.c4 g6 3.g3 Nf6 4.Bg2 Bg7 5.Nf3 O-O 6.O-O d6 7.Nc3 Qe8 8.b3 c6 9.Ba3 Na6
10.Qd3 Rb8 11.Nd2 b5 12.cxb5 cxb5 13.Nd5 Nxd5 14.Bxd5+ e6 15.Bg2 b4 16.Bb2 d5
17.Rac1 Rb6 18.Nf3 Bd7 19.Ne5 Bb5 20.Qd2 f4 21.a4 bxa3 22.Bxa3 Bh6 23.Bxf8 Qxf8
24.Ng4 Bg5 25.h4 Be7 26.Ne5 Kg7 27.Bf3 g5 28.hxg5 Bxg5 29.Rc3 Qf6 30.g4 Qf8
31.Rfc1 Be7 32.Rc8 Qf6 33.Ra8 Rb7 34.Rcc8  1-0

[Event "Muenster op"]
[Site "Muenster"]
[Date "1993.??.??"]
[Round "9"]
[White "Agrest, Evgenij"]
[Black "Kalinitschew, Sergey"]
[Result "1/2-1/2"]
[WhiteElo "2465"]
[BlackElo "2480"]

1.d4 f5 2.g3 Nf6 3.Bg2 g6 4.Nf3 Bg7 5.O-O O-O 6.c4 d6 7.Nc3 c6 8.d5 e5 9.dxe6 Bxe6
10.Qd3 Ng4  1/2-1/2

[Event "NLD-chT"]
[Site "?"]
[Date "1993.??.??"]
[Round "3"]
[White "Van der Sterren, Paul"]
[Black "Klip, Hans"]
[Result "0-1"]
[WhiteElo "2490"]
[BlackElo "2340"]

1.d4 f5 2.g3 g6 3.Bg2 Nf6 4.Nf3 Bg7 5.O-O O-O 6.c4 d6 7.Nc3 c6 8.d5 e5 9.dxe6 Bxe6
10.b3 Na6 11.Ng5 Bc8 12.Bb2 Qe7 13.Qc2 Nc5 14.Rad1 a5 15.Rfe1 Bd7 16.e3 Rad8
17.f4 Rfe8 18.Qd2 h6 19.Nh3 Be6 20.Nf2 Qc7 21.Qc2 Qb6 22.Ba3 Bf7 23.Bf3 Rd7
24.Kg2 Rde7 25.Rxd6 Rxe3 26.Rxe3 Rxe3 27.Nd5 Nxd5 28.cxd5 Ne4 29.Nxe4 fxe4
30.Bxe4 Qb5 31.Bf3 Re1 32.Qc4 Qb6 33.Bc5 Qc7 34.Qd3 cxd5 35.Ba3 Kh7 36.h4 Bf8
37.Qd2 Re8  0-1

[Event "WchT U26"]
[Site "Paranana"]
[Date "1993.??.??"]
[Round "?"]
[White "Jelen, Igor"]
[Black "Sofieva, Ainur"]
[Result "1/2-1/2"]
[WhiteElo "2325"]
[BlackElo "2390"]

1.d4 f5 2.c4 Nf6 3.g3 g6 4.Bg2 Bg7 5.Nf3 O-O 6.O-O d6 7.Nc3 c6 8.d5 e5 9.dxe6 Bxe6
10.b3 Qe7 11.Ng5 Na6 12.Bb2 Rad8 13.Nxe6 Qxe6 14.Qc2 Rfe8 15.Rad1 Nc5 16.e3 a5
17.Ne2 Nce4 18.Bd4 Qf7 19.Rd3 d5 20.Rfd1 dxc4 21.bxc4 Rd7 22.Bb6 Rxd3 23.Rxd3 Nd7
24.Bxa5 Ne5 25.Rd8 Rxd8 26.Bxd8 Qxc4 27.Qxc4+ Nxc4 28.g4 Ned6 29.gxf5 gxf5
30.Ng3 Kf7 31.e4 fxe4 32.Nxe4 Nxe4 33.Bxe4 h6 34.f4 Bf6 35.Bc7 Ke7 36.Kg2 Nd6
37.Bf3 Nb5 38.Ba5 Bc3 39.Bb6 Bd4 40.Ba5 Bc3 41.Bb6 Bd4  1/2-1/2

[Event "Pardubice op"]
[Site "Pardubice"]
[Date "1993.??.??"]
[Round "2"]
[White "Ptaschinski, Dirk"]
[Black "Stajcic, Nikola"]
[Result "0-1"]
[WhiteElo "2210"]
[BlackElo "2350"]

1.d4 f5 2.c4 Nf6 3.Nf3 g6 4.g3 Bg7 5.Bg2 O-O 6.O-O d6 7.Nc3 Qe8 8.b3 Na6
9.Bb2 c6 10.a3 h6 11.Qc2 Qf7 12.Nd2 e5 13.dxe5 dxe5 14.e4 f4 15.b4 g5 16.Ne2 Nh5
17.f3 fxg3 18.hxg3 Be6 19.c5 Rad8 20.Rac1 Rd7 21.Nb1 Bb3 22.Qc3 Rfd8 23.Rce1 Nc7
24.g4 Nb5 25.Qc1 Nf4 26.Nxf4 Qxf4 27.Qxf4 exf4 28.e5 Bc4 29.e6 Re7 30.Bxg7 Kxg7
31.Rf2 Rxe6 32.Rxe6 Rd1+ 33.Rf1 Rxf1+ 34.Bxf1 Bxe6 35.a4 Nd4 36.Kf2 Bd5 37.Nd2 Kf6
38.Bd3 Ke5 39.b5 Ne6 40.b6 a5 41.Bf5 Nxc5 42.Bc8 Nxa4 43.Bxb7 Nxb6 44.Ba6 a4  0-1

[Event "Pardubice op"]
[Site "Pardubice"]
[Date "1993.??.??"]
[Round "3"]
[White "Haba, Petr"]
[Black "Zvara, Petr"]
[Result "1-0"]
[WhiteElo "2485"]
[BlackElo "2290"]

1.d4 f5 2.g3 Nf6 3.Bg2 g6 4.Nf3 Bg7 5.O-O O-O 6.c4 d6 7.Nc3 Na6 8.Rb1 Qe8
9.d5 Bd7 10.b4 Rc8 11.Be3 Ng4 12.Bd4 Ne5 13.Nxe5 dxe5 14.Bxa7 b6 15.c5 bxc5
16.Bxc5 Nxc5 17.bxc5 e4 18.Qb3 Rb8 19.Qc4 Qf7 20.c6 Rxb1 21.Rxb1 Bc8 22.Nb5 Be5
23.Na7 Kg7 24.e3 h5 25.a4 h4 26.a5 hxg3 27.hxg3 f4 28.exf4 Bg4 29.Qxe4 Bc3
30.Qa4 Qf5 31.Rc1 Qd3 32.Qa3 Ra8 33.Qxc3+ Qxc3 34.Rxc3 Rxa7 35.Ra3  1-0

[Event "RL-chC"]
[Site "Polch"]
[Date "1993.??.??"]
[Round "?"]
[White "May, Frank"]
[Black "Kohlei, Rolf"]
[Result "1/2-1/2"]
[WhiteElo "1980"]
[BlackElo "1970"]

1.d4 f5 2.c4 Nf6 3.Nf3 g6 4.g3 Bg7 5.Bg2 O-O 6.O-O d6 7.b3 c6 8.Bb2 a5 9.Nc3 Na6
10.Rc1 Rb8 11.d5 Bd7 12.Nd4 Qc7 13.e4 fxe4 14.Nxe4 Nxe4 15.Bxe4 c5 16.Nb5 Qd8
17.Bxg7 Kxg7 18.Qd2 Nc7 19.a4 Nxb5 20.axb5 b6 21.f4 Bh3 22.Rf2 Qd7 23.Re1 Rbe8
24.Bg2 Bg4 25.Qd3 Rf6 26.Qf1 h5 27.h3 Bf5 28.Kh2 Ref8 29.Bf3 Qd8 30.Qe2 R8f7
31.Rg1 Bd7 32.Qb2 Kg8 33.Be4 Qf8 34.h4 Qg7 35.Bf3 Qh6 36.Qd2 Bf5 37.Re1 Qg7
38.Rfe2 Qf8 39.Re3 Qd8 40.Qe2 Kf8  1/2-1/2

[Event "RL-chB"]
[Site "Polch"]
[Date "1993.??.??"]
[Round "?"]
[White "Probstfeld, B."]
[Black "Braemigk, Uwe"]
[Result "0-1"]
[WhiteElo "1840"]
[BlackElo "1935"]

1.d4 f5 2.Nf3 Nf6 3.g3 g6 4.Bg2 Bg7 5.O-O O-O 6.c4 c6 7.Nc3 d6 8.Qc2 Qc7
9.b3 e5 10.dxe5 dxe5 11.Ba3 Rd8 12.Rad1 e4 13.Ng5 h6 14.Ngxe4 fxe4 15.Nxe4 Bf5
16.Nxf6+ Bxf6 17.e4 Bg4 18.f3 Rxd1 19.Rxd1 Be6 20.Bd6 Qg7 21.e5 Bd8 22.c5 Na6
23.Rd4 Ba5 24.a3 Re8 25.Rf4 Bd8 26.Bf1 Bg5 27.Ra4 Be3+ 28.Kg2 Qf7 29.Bxa6 bxa6
30.Rxa6 Bxb3 31.Qb1 Bd5 32.Qd1 Bc4 33.Ra5 Qb7 34.Qc2 Qf7 35.Rxa7 Qe6 36.Qb1 h5
37.Qb7 Qf7 38.Qxc6 Qe6 39.Qc7 Qf7 40.Qc6 Qe6 41.Qe4 Bg5 42.Ra8 Qh3+  0-1

[Event "Policka"]
[Site "Policka"]
[Date "1993.??.??"]
[Round "3"]
[White "Mozny, Milos"]
[Black "Pribyl, Josef"]
[Result "1/2-1/2"]
[WhiteElo "2395"]
[BlackElo "2470"]

1.d4 f5 2.c4 Nf6 3.Nf3 g6 4.g3 Bg7 5.Bg2 O-O 6.O-O d6 7.Nc3 Nc6 8.d5 Ne5
9.Nxe5 dxe5 10.e4 f4 11.b4 g5 12.c5 g4 13.Re1 f3 14.Bf1 h5 15.Bg5 Nh7 16.Qd2 Bf6
17.Bxf6 Rxf6 18.Bc4 Kg7 19.Rad1 h4 20.d6 exd6 21.cxd6 Rxd6 22.Qe3 Ng5 23.Qc5 Kf6
24.Nd5+ Kg6 25.Qxc7 Qxc7 26.Nxc7 Rc6 27.Nxa8 Rxc4 28.Rc1 Be6 29.Nc7 Rxc1
30.Rxc1 Bxa2 31.gxh4 Nxe4 32.Re1 Kf5 33.Nb5  1/2-1/2

[Event "POR-chT"]
[Site "?"]
[Date "1993.??.??"]
[Round "11"]
[White "Neto, Horacio"]
[Black "Silva, Antonio"]
[Result "1/2-1/2"]
[WhiteElo "2175"]
[BlackElo "2215"]

1.Nf3 g6 2.d4 f5 3.g3 Bg7 4.Bg2 Nf6 5.O-O O-O 6.c4 d6 7.Nc3 Qe8 8.d5 Na6
9.Nd4 Bd7 10.Rb1 c6 11.b3 Nc7 12.Bb2 Rb8 13.e3 c5 14.Nde2 b5 15.cxb5 Nxb5
16.Nxb5 Bxb5 17.Re1 Ne4 18.Bxg7 Kxg7 19.Qc2 Bd7 20.Nc3 Nf6 21.e4 fxe4 22.Bxe4 Qf7
23.Rb2 Bg4 24.Qd3 Nd7 25.f4 Qf6 26.Rf2 Rb4 27.Qe3 Rf7 28.Bf3 Bxf3 29.Qxf3 Ne5
30.Qe3 Ng4 31.Ne4 Nxe3 32.Nxf6 exf6 33.Rxe3 Rd4 34.Rfe2 Rxd5 35.Re8 Rd4 36.Kf2 g5
37.fxg5 fxg5+ 38.Ke1 Rd5 39.R2e6 Rff5 40.R8e7+ Rf7 41.Re8 Rff5 42.R8e7+ Rf7  1/2-1/2

[Event "Reykjavik op"]
[Site "Reykjavik"]
[Date "1993.??.??"]
[Round "7"]
[White "Pliester, Leon"]
[Black "Vidarsson, Jon G"]
[Result "1/2-1/2"]
[WhiteElo "2385"]
[BlackElo "2325"]

1.d4 f5 2.g3 Nf6 3.Bg2 g6 4.Nf3 Bg7 5.O-O O-O 6.c4 e6 7.Nc3 d6 8.Qc2 c6 9.e4 Na6
10.a3 Nc7 11.e5 dxe5 12.dxe5 Nd7 13.Re1 h6 14.h4 a5 15.Be3 Kh7 16.Rad1 Qe7
17.Na4 Na6 18.Qd2 Nac5 19.Nxc5 Nxc5 20.Qd6 Qxd6 21.exd6 Nd7 22.Bd4 Re8 23.Bxg7 Kxg7
24.Ne5 Nxe5 25.Rxe5 Bd7 26.f4 a4 27.Kf2 Kf6 28.Bf3 h5 29.c5 Ra5 30.Rd4 b6
31.cxb6 Rxe5 32.fxe5+ Kxe5 33.Rxa4 Rb8 34.Rb4 Kxd6 35.b7 Kc7 36.Ke3 e5 37.Be2 Be6
38.a4 Rxb7 39.Rxb7+ Kxb7 40.b4 Bd5 41.a5 Kc7 42.Bf1 Kd6 43.Be2 c5 44.bxc5+ Kxc5
45.Bf1 Bb3 46.Be2 Ba4 47.a6 Kb6 48.Bc4 Bd1 49.Kf2 Ka7 50.Ke3 Bc2 51.Bf7 Bd1
52.Bc4 Kb6 53.Kf2 Ba4 54.Bf7 Bd1  1/2-1/2

[Event "San Isidoro op"]
[Site "San Isidoro"]
[Date "1993.??.??"]
[Round "4"]
[White "Giardelli, Sergio C"]
[Black "Perez Pietronave, Carlos"]
[Result "1-0"]
[WhiteElo "2425"]
[BlackElo "2265"]

1.c4 f5 2.d4 Nf6 3.g3 g6 4.Bg2 Bg7 5.Nf3 O-O 6.O-O d6 7.Nc3 Nc6 8.d5 Ne5
9.Nd2 c6 10.dxc6 bxc6 11.b3 Bd7 12.Bb2 g5 13.Nf3 Nxf3+ 14.Bxf3 Qe8 15.Qd2 Qg6
16.b4 Rac8 17.Rab1 Be6 18.b5 cxb5 19.cxb5 Rc5 20.a4 f4 21.Ba3 Rc4 22.a5 Qh6
23.b6 axb6 24.a6 Rxc3 25.a7 Re8 26.Bb2 Rxf3 27.exf3 Ra8 28.Rfe1 Bd5 29.Bxf6 Bxf3
30.Qa2+ d5 31.Rb3 fxg3 32.Rxf3 Qxh2+ 33.Kf1 g2+ 34.Ke2 Bxf6 35.Qxd5+ Kg7
36.Qxa8 Qe5+ 37.Re3  1-0

[Event "San Sebastian op"]
[Site "San Sebastian"]
[Date "1993.??.??"]
[Round "?"]
[White "Huzman, Alexander"]
[Black "Sanz Alonso, Francisco Javier"]
[Result "1-0"]
[WhiteElo "2510"]
[BlackElo "2420"]

1.d4 f5 2.g3 Nf6 3.Bg2 g6 4.Nf3 Bg7 5.O-O O-O 6.c4 d6 7.d5 Na6 8.Nc3 Bd7
9.Nd4 Qe8 10.Rb1 c6 11.b3 Rc8 12.e4 fxe4 13.Nxe4 Nxe4 14.Bxe4 Qf7 15.Bg2 Nc5
16.Be3 e5 17.dxe6 Nxe6 18.Nxe6 Qxe6 19.Qd2 a6 20.Rbd1 Be5 21.f4 Bg7 22.Bb6 Rf6
23.Bd4 Rf7 24.Bxg7 Kxg7 25.Rfe1 Qf6 26.Qxd6 Bg4 27.Qxf6+ Rxf6 28.Rd2 Re6
29.Rd7+ Kf6 30.Rxe6+ Kxe6 31.Rxb7 Rd8 32.Bxc6 Rd1+ 33.Kf2 Rd2+ 34.Ke3 Rxh2
35.Bd7+  1-0

[Event "Sevilla op"]
[Site "Sevilla"]
[Date "1993.??.??"]
[Round "8"]
[White "Komljenovic, Davor"]
[Black "Tejero, Jorge"]
[Result "1-0"]
[WhiteElo "2475"]
[BlackElo "2295"]

1.d4 f5 2.g3 Nf6 3.Bg2 g6 4.Nf3 Bg7 5.O-O O-O 6.c4 d6 7.Nc3 Qe8 8.d5 Na6
9.Rb1 c5 10.dxc6 bxc6 11.b4 Bd7 12.a3 Nc7 13.b5 cxb5 14.cxb5 Ne6 15.a4 Rc8
16.Bb2 f4 17.Nd5 g5 18.Bh3 Rc5 19.Bxf6 Bxf6 20.Qb3 Kh8 21.Rfc1 fxg3 22.hxg3 Qh5
23.Bxe6 Rxc1+ 24.Rxc1 Bxe6 25.Qd3 g4 26.Nf4 Qh6 27.Nd2 Bb2 28.Nxe6 Qxe6 29.Rc2 Be5
30.Qe3 d5 31.Qxa7 Qf6 32.Nb3 Bxg3 33.e4 Bb8 34.Qd4 Be5 35.Qxd5 g3 36.f3 Qf4
37.Qd3 Qxf3 38.Qxf3 Rxf3 39.Nc5 Ra3 40.Kg2 Bd4 41.b6 Rxa4  1-0

[Event "Sitges op"]
[Site "Sitges"]
[Date "1993.??.??"]
[Round "2"]
[White "Marin, Mihail"]
[Black "Ramirez, Juan Manuel"]
[Result "1-0"]
[WhiteElo "2515"]
[BlackElo "2220"]

1.d4 f5 2.g3 Nf6 3.Bg2 g6 4.c4 Bg7 5.Nf3 O-O 6.O-O d6 7.Nc3 Qe8 8.d5 Na6
9.Be3 c5 10.Qd2 Nc7 11.a4 a6 12.a5 Rb8 13.Bh6 Qf7 14.Bxg7 Qxg7 15.b4 cxb4
16.Na4 b5 17.axb6 Na8 18.Nd4 Nxb6 19.Qxb4 Nbd7 20.Qa5 Ne5 21.c5 Qh6 22.cxd6 exd6
23.Qc7 Rb4 24.Ne6 Bxe6 25.dxe6 Ne4 26.e7 Re8 27.Nb6 Ng4 28.h3 Ngxf2 29.Rxf2 Nxf2
30.Bd5+ Kh8 31.Kxf2 Qg7 32.Re1 Qd4+ 33.e3 Rb2+ 34.Re2 Rxe2+ 35.Kxe2 Qb2+
36.Kf3 Qa1 37.Bc4 Qh1+ 38.Ke2 Qg2+ 39.Kd1 Qf3+ 40.Kd2 Qg2+ 41.Be2 Qe4 42.Qc3+ Qe5
43.Nd5 Kg7 44.Bxa6 Kf7 45.Qxe5 dxe5 46.Bb5 Rxe7 47.Nxe7 Kxe7 48.Kd3 h5 49.Kc4 h4
50.gxh4 Kf6 51.Kd5 e4 52.Kd4 Ke6 53.Be8 Kf6 54.Bxg6  1-0

[Event "SLO-chT"]
[Site "?"]
[Date "1993.??.??"]
[Round "?"]
[White "Jelen, Iztok"]
[Black "Mencinger, Vojko"]
[Result "1-0"]
[WhiteElo "2390"]
[BlackElo "2360"]

1.d4 f5 2.c4 Nf6 3.g3 g6 4.Bg2 Bg7 5.Nf3 O-O 6.O-O d6 7.Nc3 c6 8.d5 e5 9.dxe6 Bxe6
10.b3 Na6 11.Ng5 Qe7 12.Bb2 Rad8 13.Nxe6 Qxe6 14.Qc2 Rfe8 15.Rad1 Nc5 16.b4 Ncd7
17.b5 Ne5 18.bxc6 bxc6 19.c5 d5 20.Na4 h5 21.Bd4 h4 22.Rb1 hxg3 23.hxg3 Rd7
24.Rb3 Nc4 25.e3 Ne4 26.Rd1 Bxd4 27.exd4 g5 28.Nb2 Nxb2 29.Qxb2 f4 30.Re1 Qh6
31.Rb7 Qg7 32.Rb8 Re7 33.Qb3 fxg3 34.Rxe4 gxf2+ 35.Kf1 Rxe4 36.Bxe4 Qf7  1-0

[Event "St Martin op"]
[Site "St Martin"]
[Date "1993.??.??"]
[Round "8"]
[White "Adianto, Utut"]
[Black "Curdo, John"]
[Result "0-1"]
[WhiteElo "2490"]
[BlackElo "2340"]

1.d4 f5 2.Nf3 Nf6 3.g3 g6 4.Bg2 Bg7 5.O-O O-O 6.c4 d6 7.Nc3 c6 8.d5 e5 9.dxe6 Bxe6
10.Bf4 Bxc4 11.Bxd6 Re8 12.Rc1 Nd5 13.Nxd5 Bxd5 14.Bf4 Bxa2 15.Qa4 Bd5 16.Rfd1 Nd7
17.Rd2 Nb6 18.Qd1 Qe7 19.h4 h6 20.b3 Rad8 21.Be3 Be4 22.Bc5 Qc7 23.h5 g5
24.b4 Rxd2 25.Qxd2 Qf7 26.Rd1 Qxh5 27.Qa2+ Qf7 28.Qxa7 Nd5 29.Bd4 Nxb4 30.Bxg7 Qxg7
31.Rd6 Nd5 32.Nd4 Rf8 33.Ne6 Qe7 34.Qc5 Rf6 35.Rxd5 Qxc5 36.Rxc5 Rxe6 37.f3 Bd5
38.Kf2 Kf7 39.Bh3 Re5 40.Ra5 Kf6 41.Ra8 h5 42.Rf8+ Bf7 43.f4 gxf4 44.gxf4 Re8
45.Rxe8 Bxe8 46.Ke3 c5  0-1

[Event "FRM-ch"]
[Site "Struga"]
[Date "1993.??.??"]
[Round "4"]
[White "Davcevski, Dusan"]
[Black "Kiroski, Toni"]
[Result "1/2-1/2"]
[WhiteElo "2295"]
[BlackElo "2290"]

1.Nf3 g6 2.g3 Bg7 3.d4 f5 4.Bg2 Nf6 5.O-O O-O 6.c4 d6 7.b3 Qe8 8.Bb2 Na6
9.Nbd2 c6 10.Qc2 h6 11.Rae1 g5 12.e4 fxe4 13.Nxe4 Qg6 14.Nfd2 Bf5 15.Nxf6+ exf6
16.Qc3  1/2-1/2

[Event "Sonnevanck"]
[Site "Wijk aan Zee"]
[Date "1993.??.??"]
[Round "5"]
[White "Blees, Albert"]
[Black "Van Mil, Johannes A J"]
[Result "1/2-1/2"]
[WhiteElo "2415"]
[BlackElo "2435"]

1.Nf3 f5 2.d4 Nf6 3.g3 g6 4.Bg2 Bg7 5.O-O O-O 6.c4 d6 7.Nc3 Nc6 8.d5 Na5
9.Qa4 c5 10.dxc6 bxc6 11.Nd4 Bd7 12.Nxc6 Nxc6 13.Bxc6 Bxc6 14.Qxc6 Rc8 15.Qa4 Qd7
16.b3 d5 17.Ba3 dxc4 18.Qxd7 Nxd7 19.Nd5 Kf7 20.Rac1 cxb3 21.axb3 Rfe8 22.Rfd1 Nb6
23.Rxc8 Rxc8 24.Nxb6 axb6 25.Rd7 Bf6 26.Rb7 Ra8 27.Bd6 Ra1+ 28.Kg2 Rb1 29.Bc7 Rxb3
30.Rxb6 Rc3 31.Rb7 Rc2 32.Kf1 Rc1+ 33.Kg2 Re1 34.e3 Rd1 35.Rb5 Rc1  1/2-1/2

[Event "Alcobendas"]
[Site "Alcobendas"]
[Date "1994.??.??"]
[Round "2"]
[White "Garcia Vicente, Nieves"]
[Black "Del Rio Angelis, Gabriel"]
[Result "1/2-1/2"]
[WhiteElo "2235"]
[BlackElo "2335"]

1.d4 f5 2.c4 Nf6 3.Nf3 g6 4.g3 Bg7 5.Bg2 O-O 6.O-O d6 7.Nc3 c6 8.Bg5 Na6
9.Qd2 Qe8 10.Bh6 Be6 11.d5 cxd5 12.cxd5 Bf7 13.Bxg7 Kxg7 14.Ng5 Rc8 15.e4 fxe4
16.Bh3 Rc4 17.Qe2 Rb4 18.a3 Rb3 19.Be6 Bg8 20.Bxg8 Rxg8 21.Qc2 Rb6  1/2-1/2

[Event "Antwerp op"]
[Site "Antwerp"]
[Date "1994.??.??"]
[Round "1"]
[White "Van Parreren, Hanneke"]
[Black "Gurevich, Mikhail"]
[Result "0-1"]
[WhiteElo "2195"]
[BlackElo "2620"]

1.d4 f5 2.c4 Nf6 3.Nf3 g6 4.g3 Bg7 5.Bg2 O-O 6.O-O d6 7.Nc3 Qe8 8.d5 Na6
9.Rb1 c6 10.dxc6 bxc6 11.b4 Bd7 12.a3 Nc7 13.c5 d5 14.Bf4 Ne6 15.Be5 Qf7
16.e3 Ne4 17.Bxg7 Qxg7 18.Ne2 g5 19.Qd3 f4 20.exf4 gxf4 21.Rbd1 a5 22.Ned4 Nc7
23.Nd2 Nxd2 24.Qxd2 axb4 25.axb4 e5 26.Nb3 f3 27.Bh1 Nb5 28.Qb2 e4 29.Qxg7+ Kxg7
30.Ra1 Kf6 31.h4 Ke5 32.Rfd1 Nc3 33.Rxa8 Rxa8 34.Ra1 Rxa1+ 35.Nxa1 Ne2+  0-1

[Event "AUT-ch"]
[Site "Austria"]
[Date "1994.??.??"]
[Round "3"]
[White "Baumgartner, Heinz"]
[Black "Stanec, Nikolaus"]
[Result "1/2-1/2"]
[WhiteElo "2270"]
[BlackElo "2450"]

1.Nf3 g6 2.g3 Bg7 3.d4 f5 4.Bg2 Nf6 5.O-O O-O 6.c4 d6 7.Nc3 c6 8.d5 e5 9.dxe6 Bxe6
10.Qd3 Kh8 11.Bf4 d5 12.cxd5 Nxd5 13.Be5 Nf6 14.Qc2 Nbd7 15.Rad1 Qa5 16.Bd6 Rfe8
17.Nd4 Bg8 18.b4 Qb6 19.Nb3 Rac8 20.Rfe1 Nd5 21.Nxd5 cxd5 22.Bc5 Qxb4 23.Bxb4 Rxc2
24.Bxd5 Bxd5 25.Rxd5 Ne5 26.a3 b6 27.Nd4 Ra2 28.Rc1 Ng4 29.Nb5 Raxe2 30.Nd6 Ra8
31.Rc7 a5 32.Bd2 Kg8 33.Nc8 Nf6 34.Rd3 Re8 35.Nxb6 Ra6 36.Nc4 a4  1/2-1/2

[Event "AUT-chT"]
[Site "?"]
[Date "1994.??.??"]
[Round "?"]
[White "Horvath, Csaba"]
[Black "Barbero, Gerardo F"]
[Result "1/2-1/2"]
[WhiteElo "2495"]
[BlackElo "2520"]

1.d4 f5 2.g3 g6 3.Bg2 Bg7 4.Nf3 Nf6 5.O-O O-O 6.c4 d6 7.Nc3 c6 8.d5 e5 9.dxe6 Bxe6
10.b3 Na6 11.Ng5 Qe7 12.Bb2 Rad8 13.Nxe6 Qxe6 14.Qc2 Rfe8 15.e3 Nc5 16.Ne2 Nce4  1/2-1/2

[Event "AUT-chT"]
[Site "?"]
[Date "1994.??.??"]
[Round "?"]
[White "Wohlfahrt, Herbert J"]
[Black "Lenz, Alarich"]
[Result "1/2-1/2"]
[WhiteElo "2240"]
[BlackElo "2200"]

1.d4 f5 2.Nf3 Nf6 3.g3 g6 4.Bg2 Bg7 5.O-O O-O 6.c4 d6 7.Nc3 Qe8 8.b3 h6 9.Ba3 g5
10.Rc1 f4 11.Nd5 Nxd5 12.cxd5 Na6 13.Ne1 Qg6 14.Bb2 Bf5 15.b4 Rae8 16.Qb3 Nb8
17.Qf3 h5 18.Nd3  1/2-1/2

[Event "AUT-chT"]
[Site "?"]
[Date "1994.??.??"]
[Round "?"]
[White "Hanel, Reinhard"]
[Black "Bukacek, Emil"]
[Result "1/2-1/2"]
[WhiteElo "2365"]
[BlackElo "2305"]

1.c4 f5 2.Nf3 Nf6 3.d4 g6 4.g3 Bg7 5.Bg2 O-O 6.O-O d6 7.Nc3 Nc6 8.d5 Ne5
9.Qb3 Ned7 10.Qc2 a5 11.Ne1 e5 12.dxe6  1/2-1/2

[Event "AUT-chT2S 9394"]
[Site "AUT"]
[Date "1994.??.??"]
[Round "?"]
[White "Schrey, Stefan"]
[Black "Kastner, Walter"]
[Result "1-0"]
[WhiteElo "2110"]
[BlackElo "2205"]

1.d4 f5 2.g3 Nf6 3.Bg2 g6 4.Nf3 Bg7 5.O-O O-O 6.c4 d6 7.Nc3 c6 8.b4 Qe8 9.Bb2 Qf7
10.Qb3 h6 11.Rad1 Nbd7 12.Nd2 e5 13.dxe5 dxe5 14.c5 Qxb3 15.Nxb3 e4 16.f3 Re8
17.fxe4 Nxe4 18.Nxe4 fxe4 19.Bxg7 Kxg7 20.Rf4 Nf6 21.Rd6 Bf5 22.Nd4 Re5 23.a3 a5
24.b5 cxb5 25.Rb6 Rxc5 26.Rxf5 Rxf5 27.Rxb7+ Kh8 28.Nxf5 gxf5 29.Rxb5 Rd8
30.Rxf5 Rd1+ 31.Rf1 Rd6 32.h3 Kg7 33.Rb1 Rd4 34.Kf2 Ra4 35.Rb3 Rc4 36.Re3 h5
37.Ke1 Rc1+ 38.Kd2 Rg1 39.Bxe4 Nxe4+ 40.Rxe4 Rxg3 41.Re3 Rg5 42.Rf3 Kg6 43.Kd3 Rb5
44.Kd4 Kg5 45.e4 a4 46.e5 Rb6 47.Re3 Kf5 48.Rf3+ Kg5 49.Kc4 h4 50.Kd4 Kg6
51.Rf4 Kg5 52.Rf8 Rb1 53.e6 Re1 54.Kd5 Rd1+ 55.Kc6 Rc1+ 56.Kd7 Rd1+ 57.Ke8 Rd3
58.e7 Rxh3 59.Kd7 Rd3+ 60.Kc6 Rc3+ 61.Kb5  1-0